| 000 | 01133cam a2200157 4500500 | ||
|---|---|---|---|
| 005 | 20260111073048.0 | ||
| 041 | _afre | ||
| 042 | _adc | ||
| 100 | 1 | 0 |
_aDell’Accio, Elisabeth _eauthor |
| 245 | 0 | 0 | _aLa sédation en fin de vie. Quel objectif pour quelle intentionnalité ? |
| 260 | _c2016. | ||
| 500 | _a94 | ||
| 520 | _aComment accompagner la personne en état végétatif quand persiste une incertitude quant au diagnostic d’état végétatif chronique et que la question d’une conscience résiduelle se pose ? Ce questionnement intervient pour tous les acteurs de soins et pour la famille de manière plus ou moins douloureuse. Or, les possibilités actuelles d’évaluation de la conscience par neuro-imagerie peuvent avoir des conséquences importantes sur les proches et les soignants, dans ce paradoxe de l’être-au-monde du patient en état végétatif à la fois présent et absent. | ||
| 786 | 0 | _nJusqu’à la mort accompagner la vie | 124 | 1 | 2016-03-02 | p. 21-28 | 0768-6625 | |
| 856 | 4 | 1 | _uhttps://shs.cairn.info/revue-jusqu-a-la-mort-accompagner-la-vie-2016-1-page-21?lang=fr&redirect-ssocas=7080 |
| 999 |
_c1615299 _d1615299 |
||